Maailman 196 valtiota ilman vokaaleja - Statistics

Yleistilastot
  • Tätä visaa on pelattu 7 kertaa
  • Keskiarvotulos 112 / 196
Vastaukset kartalla
Vastauksille on annettu kartalla punavihreä väri sen mukaan, kuinka moni on saanut sen oikein.
 
Vastaustilastot
Country % Oikein
hdsvllt
100%
Kn
100%
Ltt
100%
Ltv
100%
Nr
100%
Nrj
100%
nt
100%
Pr
100%
rn
100%
Rnsk
100%
Rts
100%
Sks
100%
spnj
100%
tl
100%
Vnj
100%
Vr
100%
Brsl
80%
Chl
80%
Ghn
80%
Gn
80%
gnd
80%
gpt
80%
hdstnt knngsknt
80%
Jpn
80%
Knd
80%
Kngn dmkrttnn tsvlt
80%
Kngn tsvlt
80%
krn
80%
Lb
80%
Mdgskr
80%
mn
80%
Mngl
80%
ngl
80%
Ngr
80%
Nmb
80%
Pl
80%
Prtgl
80%
rg
80%
rgntn
80%
rmn
80%
Rmn
80%
Sd-rb
80%
slnt
80%
Slvk
80%
Slvn
80%
Sm
80%
Sr
80%
strl
80%
Tg
80%
tl-frkk
80%
Tns
80%
tp
80%
Trkk
80%
Tškk
80%
Vlk-Vnj
80%
Blg
60%
Blv
60%
Bnn
60%
Bsn j Hrtsgvn
60%
Cst Rc
60%
Djbt
60%
fgnstn
60%
Flppnt
60%
Gtml
60%
Hndrs
60%
Ht
60%
Jrdn
60%
Klmb
60%
Krbt
60%
Krgs
60%
Krkk
60%
Krt
60%
Kzkstn
60%
lbn
60%
lgr
60%
Ls
60%
Lsth
60%
Mksk
60%
Ml
60%
Mnmr
60%
Mrkk
60%
Msmbk
60%
Ncrg
60%
ndns
60%
nkr
60%
Phjs-Kr
60%
Phjs-Mkdn
60%
Pkstn
60%
Pp-s-Gn
60%
Prg
60%
Qtr
60%
rk
60%
rlnt
60%
Sdn
60%
Sml
60%
s-Slnt
60%
Svts
60%
Tdžkstn
60%
Thm
60%
tl-Kr
60%
Tnsk
60%
Tnsn
60%
Tšd
60%
t-Tmr
60%
Tvl
60%
tvlt
60%
Twn
60%
Vnzl
60%
Vtknvlt
60%
Vtnm
60%
zbkstn
60%
Zmbbw
60%
Blgr
40%
Bngldsh
40%
Brbds
40%
cdr
40%
Dmnc
40%
Dmnknnn tsvlt
40%
Fdž
40%
Gbn
40%
Gmb
40%
Gn-Bss
40%
Grg
40%
hdstnt rbmrknnt
40%
Jmk
40%
Jmn
40%
Kb
40%
Kmbdž
40%
Kprs
40%
Kp Vrd
40%
Ksk-frkn tsvlt
40%
Ksv
40%
Lbnn
40%
Lbr
40%
lnkmt
40%
l Slvdr
40%
Mkrns
40%
Mldv
40%
Mls
40%
Mlt
40%
Mntngr
40%
Mrshllnsrt
40%
Mrtn
40%
ndrr
40%
Npl
40%
Nrsnlrnnkk
40%
ntg j Brbd
40%
Pnm
40%
Pvntsjn Gn
40%
Rnd
40%
rtr
40%
Slmnnsrt
40%
Smb
40%
Sngl
40%
Sngpr
40%
Srb
40%
srl
40%
Sr Lnk
40%
Srnm
40%
swtn
40%
tl-Sdn
40%
Tng
40%
Vnt
40%
zrbdžn
40%
Bhm
20%
Bhrn
20%
Bhtn
20%
Blz
20%
Brkn Fs
20%
Brn
20%
Brnd
20%
Btswn
20%
Grnd
20%
Kmrn
20%
Kmrt
20%
Kwt
20%
Lchtnstn
20%
Lxmbrg
20%
Mldvt
20%
Mlw
20%
Mnc
20%
Mrts
20%
Schllt
20%
Sn Mrn
20%
Snt Ktts j Nvs
20%
Snt Lc
20%
Snt Vncnt j Grndnt
20%
Srr Ln
20%
S Tm j Prncp
20%
Trkmnstn
20%
Trndd j Tbg
20%
Ehtoja vastaavia visoja ei löytynyt
Tulosjakauma
Jokaisen tuloksen saaneiden osuus
Persentiili vastausten määrän mukaan
Tuloshistoriasi
Et ole pelannut tätä visaa